000 00758nam a2200229 i 4500
001 135300
003 ES-MaACL
005 20230906194843.0
007 t|
008 070716s1978 sp ||||1| spa d
100 1 _aTordjaman, Gilbert.
_9110629
245 1 0 _aCómo comprender las enfermedades psicosomáticas
_b: conversación con Paule Pérez /
_cGilbert Tordjman ; [traducción: Carlos Peralta].
250 _a[1ª ed.].
260 _a[Barcelona :
_bGranica,
_c1978]
300 _a113 p. ;
_c20 cm.
490 1 _aPsicoteca mayor. Serie Práctica
700 1 _aPérez, Paule.
_990605
700 1 _aPeralta, Carlos.
_990368
830 0 _aPsicoteca mayor. Serie Práctica
_9219912
852 _aES-MaACL
_jA-8610
_bR.97580
999 _c135300
_d135300